000 00592nam 22001813 4500
001 199958
021 _aPT
_b73442/93
090 _a199958
100 _a20260115d u||y0pory50 ba
200 _aNotícia explicativa da folha 42-C : Santiago do Cacém
_fCarlos M. C. Inverno... [et al.]
210 _aLisboa
_cServiços Geológios de Portugal
_d1993
215 _a75 p.
_cbrochado
_d24 cm
_emapa desdobrável
606 _915715
_aCiências da terra. Ciências geológicas
675 _a55
_vPT
_zpor
701 _915784
_aInverno
_bCarlos M. C.
801 _aPT
_bBMMN
_gRPC
830 _cVanda
990 _cLIVROS